Engenharia legal 4

Detalles Bibliográficos
Autor principal: Ferreira Gomide, Tito Lv̕io
Formato: eBook
Publicado: Sô Paulo: LEUD, 2013.
Materias:
Acceso en línea:Acceso restringido

MARC

LEADER 00000nam a22000007a 4500
005 20161025143025.0
007 cr|||| ||u|
008 161025s2013 Bl |||||o|||| 001 0 Por d
020 |a 978-85-7456-304-6 
035 |a 14405 
040 |a vLex 
090 |c 6316  |d 6316 
100 1 |a Ferreira Gomide, Tito Lv̕io 
245 1 |a Engenharia legal 4  |h [Recurso electrn̤ico] /  |c Tito Lv̕io Ferreira Gomide. 
256 |a Servicio en ln̕ea 
260 |a Sô Paulo:  |b LEUD,  |c 2013. 
300 |a 1 Recurso electrn̤ico 
506 1 |a Disponible en los productos indicados  |d vLex Global   |d vLex Global (Academic Edition, excluding Law Schools)  |d vLex Global (U.S. Academic Edition, Law Schools)  |d vLex Global (U.S. Academic Edition, excluding Law Schools)  |d vLex Global (Academic Edition, Law Schools) 
650 0 4 |a Derecho civil  |z Brasil 
740 1 |a vLex libros (servicio en ln̕ea) 
856 4 0 |u http://vlex.com/source/engenharia-legal-4-14405  |z Acceso restringido 
942 |c BOOK 
999 0 |a Civil law